| 000 | 01190cam a22003374a 4500 | ||
|---|---|---|---|
| 001 | 14535344 | ||
| 003 | OSt | ||
| 005 | 20200606111448.0 | ||
| 008 | 060906s2006 ii b 001 0 eng | ||
| 010 | _a 2006413680 | ||
| 020 | _a8185359210 (set) | ||
| 020 | _a9788185359212 | ||
| 025 | _aI-E-2006-413680; 63-90 | ||
| 037 |
_bLibrary of Congress -- New Delhi Overseas Office _cRs1550.00 ($155.00 U.S.) |
||
| 040 |
_aDLC _coclc |
||
| 042 | _alcode | ||
| 043 | _ai------ | ||
| 050 | 0 | 0 |
_aDS341 _b.S49 2006 |
| 082 |
_a320.454 _bSIN/I |
||
| 100 |
_aSingh, K R _q(Kunwar Rajendra), _d1932- _92570 |
||
| 245 | 1 | 0 |
_aIndian Ocean : _bGreat Power Interventions / _cK.R. Singh. |
| 260 |
_aDelhi : _bIndependent Pub. Co., _c2006. |
||
| 300 |
_a612 p _c23 cm. |
||
| 504 | _aIncludes bibliographical references and index. | ||
| 651 | 0 |
_aIndian Ocean Region _xForeign relations. |
|
| 651 | 0 |
_aIndian Ocean Region _xForeign relations _zUnited States. |
|
| 651 | 0 |
_aUnited States _xForeign relations _zIndian Ocean Region. |
|
| 906 |
_a7 _bcbc _corigode _d3 _encip _f20 _gy-gencatlg |
||
| 942 |
_2ddc _cBK _h320.954 _iSIN/I _k320.954 _mSIN/I |
||
| 999 |
_c21300 _d21300 |
||